000 00294nam a22001337a 4500
008 181207b xxu||||| |||| 00| 0 eng d
020 _a0517558424
041 _aeng
080 _a610
100 _a4
101 _aSHM
245 _aComplete Home Medical Guide
_cTapley,D.F
942 _2udc
_cBK
999 _c53008
_d53008